Neethi kathaigal : (Record no. 141660)

MARC details
000 -LEADER
fixed length control field 00795nam a2200265 i 4500
001 - CONTROL NUMBER
control field C2-0345160
003 - CONTROL NUMBER IDENTIFIER
control field PPAK
005 - DATE AND TIME OF LATEST TRANSACTION
control field 20180728145800.0
008 - FIXED-LENGTH DATA ELEMENTS--GENERAL INFORMATION
fixed length control field 180128s ii a|||| ||||| | tam d
020 ## - INTERNATIONAL STANDARD BOOK NUMBER
International Standard Book Number 9384785180
040 ## - CATALOGING SOURCE
Original cataloging agency PPAK
Language of cataloging eng
Transcribing agency PPAK
Description conventions rda
082 04 - DEWEY DECIMAL CLASSIFICATION NUMBER
Classification number 894.8113
Edition number 23
090 00 - LOCALLY ASSIGNED LC-TYPE CALL NUMBER (OCLC); LOCAL CALL NUMBER (RLIN)
Classification number (OCLC) (R) ; Classification number, CALL (RLIN) (NR) 894.8113
Feature heading ARA
Feature heading K
100 1# - MAIN ENTRY--PERSONAL NAME
Personal name Arasu, S. M. E.,
Relator term author
245 10 - TITLE STATEMENT
Title Neethi kathaigal :
Remainder of title puthan malar
264 #1 - PRODUCTION, PUBLICATION, DISTRIBUTION, MANUFACTURE, AND COPYRIGHT NOTICE
Place of production, publication, distribution, manufacture Chennai, India :
Name of producer, publisher, distributor, manufacturer Magesh Arts ,
Date of production, publication, distribution, manufacture, or copyright notice [date of publication not identified]
300 ## - PHYSICAL DESCRIPTION
Extent 24 pages :
Other physical details colour illustrations ;
Dimensions 28 cm
336 ## - CONTENT TYPE
Source rdacontent
Content type term text
337 ## - MEDIA TYPE
Source rdamedia
Media type term unmediated
338 ## - CARRIER TYPE
Source rdacarrier
Carrier type term volume
490 1# - SERIES STATEMENT
Series statement Magesh niithi kathaigal
650 10 - SUBJECT ADDED ENTRY--TOPICAL TERM
Topical term or geographic name entry element Children's stories, Tamil.
830 #0 - SERIES ADDED ENTRY--UNIFORM TITLE
Uniform title Magesh niithi kathaigal
942 ## - ADDED ENTRY ELEMENTS (KOHA)
-- dc
Koha item type Book
Holdings
Withdrawn Not for loan Current library Shelving location Date acquired Total Checkouts Full call number Barcode Date last seen Date last checked out Koha item type Total Renewals
    Perpustakaan Alor Setar Pinjaman Kanak-kanak 28/01/2018 1 K 894.8113 ARA A01563652 23/08/2020 29/07/2020 Book  
    Perpustakaan Kulim Pinjaman Kanak-kanak 28/01/2018 10 K 894.8113 ARA A01563653 28/12/2024 21/12/2024 Book 1